书目信息 |
| 题名: |
管理数学基础:理论与应用
|
|
| 作者: | 杜刚 编著 | |
| 分册: | ||
| 出版信息: | 天津 天津大学出版社 2003.01 |
|
| 页数: | 293页 | |
| 开本: | 20cm | |
| 丛书名: | ||
| 单 册: | ||
| 中图分类: | C931.1 | |
| 科图分类: | ||
| 主题词: | 管理--技术 , 管理--方法 | |
| 电子资源: | ||
| ISBN: | 7-5618-1701-0 | |
| 000 | 00644nam0 2200217 45 | |
| 001 | 0436658320 | |
| 005 | 2004051110105738 | |
| 010 | @a7-5618-1701-0@dCNY 15.00 | |
| 100 | @a20040511d2003 km y0chiy0120 ea | |
| 101 | 0 | @achi |
| 102 | @aCN@b120000 | |
| 200 | 1 | @a管理数学基础:理论与应用@AGuan Li Shu Xue Ji Chu:Li Lun Yu Ying Yong@e理论与应用@f杜刚编著@FDu Gang Bian Zhu |
| 210 | @a天津@c天津大学出版社@d2003.01 | |
| 215 | @a293页@d20cm | |
| 517 | @a理论与应用@ALi Lun Yu Ying Yong | |
| 606 | 0 | @a管理@x技术 |
| 606 | 0 | @a管理@x方法 |
| 690 | @aC931.1@v3 | |
| 701 | 0 | @a杜刚@ADu Gang@4编著 |
| 801 | 0 | @aCN@bPFT@c20040511 |
| 905 | @dC931.1@eD812 | |
| 管理数学基础:理论与应用:理论与应用/杜刚编著.-天津:天津大学出版社,2003.01 |
| 293页;20cm |
| ISBN 7-5618-1701-0:CNY 15.00 |
| ● |
| 相关链接 |
|
|
|
正题名:管理数学基础:理论与应用
索取号:C931.1/D812
 
预约/预借
| 序号 | 登录号 | 条形码 | 馆藏地/架位号 | 状态 | 备注 |
| 1 | 393193 | 203931932 | 社科库509/509社科库 64排5列4层/ [索取号:C931.1/D812] | 在馆 | |
| 2 | 393194 | 203931941 | 社科库509/509社科库 64排5列4层/ [索取号:C931.1/D812] | 在馆 | |
| 3 | 393195 | 203931950 | 社科库509/509社科库 64排5列4层/ [索取号:C931.1/D812] | 在馆 |